Operations Research (Record no. 216212)
[ view plain ]
| 000 -LEADER | |
|---|---|
| fixed length control field | 00466nam a2200169Ia 4500 |
| 008 - FIXED-LENGTH DATA ELEMENTS--GENERAL INFORMATION | |
| fixed length control field | 230714s9999 xx 000 0 und d |
| 020 ## - INTERNATIONAL STANDARD BOOK NUMBER | |
| International Standard Book Number | 9790000000000 |
| 041 ## - LANGUAGE CODE | |
| Language code of text/sound track or separate title | eng |
| 082 ## - DEWEY DECIMAL CLASSIFICATION NUMBER | |
| Classification number | 658.4'034 |
| Item number | GUP |
| 100 ## - MAIN ENTRY--PERSONAL NAME | |
| Personal name | Gupta P.K. |
| 9 (RLIN) | 110418 |
| 245 ## - TITLE STATEMENT | |
| Title | Operations Research |
| 260 ## - PUBLICATION, DISTRIBUTION, ETC. (IMPRINT) | |
| Name of publisher, distributor, etc. | S. Chand |
| 300 ## - PHYSICAL DESCRIPTION | |
| Accompanying material [OBSOLETE, CAN/MARC] | Ref 166 M (51794) |
| 365 ## - TRADE PRICE | |
| Currency code | Rs. |
| Price amount | 850.00 |
| 700 ## - ADDED ENTRY--PERSONAL NAME | |
| Personal name | Gupta P.K. & Hira D.S. |
| 9 (RLIN) | 116893 |
| 906 ## - LOCAL DATA ELEMENT F, LDF (RLIN) | |
| d | O:0473016-Oct-2015B:SE/SI/213327-Aug-2015 |
| c | MECH |
| b | 935 |
No items available.